LEADER 01514nam a2200337 u 4500 001 000000060532 003 CaOOAMICUS 005 20070226120925.0 008 010725s1985 sz u000 u ger u 020 $a3451021048 035 $a10898513 040 $aPUL(R)$bita 245 00$aGott, der einzige :$bzur Entstehung des Monotheismus in Israel /$cGeorg Braulik ... [et al.] ; herausgegeben von Ernst Haag. 260 $aFreiburg :$bHerder,$c1985. 300 $a192 p. ;$c23 cm 490 1 $aQuaestiones disputatae ;$v104 500 $aComprende indici. 650 4$aMonoteismo.$0(OLS)http://pul/subject/5891 651 4$aIsraele$xReligione.$0(OLS)http://pul/subject/6729 700 1 $aBraulik, Georg,$cO.S.B.$0(OLS)http://pul/name/9015 700 1 $aHaag, Ernst.$0(OLS)http://pul/name/35324 830 0$aQuaestiones disputatae (Herder) ;$v104.$0(OLS)http://pul/title/18243 850 $aPUL 852 $aPUL$W1$xSL Religione 2$y84$mTheol A6 104$j78930$nBK-PRI$b $qStampati altre collocazioni$B78930$CPULBib$Z2$F78930 $H $81 852 $aPUL$W1$xDP1 Fondo Bordoni$y120$m3 B 67.104$j171353$qFondi$B172753$CPULBib$Z2$F172753 $HBor93 $81 941 1 $a1 941 1 $a10 961 $aINV: 53861 996 $6020$a3451021048$9(OLS)http://pul/number/78088 996 $6245$aGott, der einzige :$bzur Entstehung des Monotheismus in Israel$9(OLS)http://pul/title/80899 996 $6260$aFreiburg :$bHerder$9(OLS)http://pul/publisher/48354 LEADER 01124nam a2200265 a 4500 001 000000139049 003 CaOOAMICUS 005 20140627124257.0 008 140627s1969 fr u000 u fre r 040 $aPUL$bita 100 1 $aPerroux, François,$d1903-$0(OLS)http://pul/name/32793 245 10$aFrançois Perroux interroge Herbert Marcuse ... qui répond. 260 $aParis :$bAubier-Montaigne,$c©1969. 300 $a211 p. ;$c18 cm 490 1 $aTiers-Monde et developpement 504 $aBibliografia in nota. 600 14$aMarcuse, Herbert,$d1898-1979$xFilosofia.$0(OLS)http://pul/subject/8704 700 1 $aMarcuse, Herbert,$d1898-1979.$0(OLS)http://pul/name/10739 830 0$aTiers-Monde et developpement.$0(OLS)http://pul/title/176044 850 $aPUL 852 $aPUL$W1$xDP1 Filosofia 1$y19$m590 I 72$j160552$qStampati$B159977$CPULBib$Z2$F159977 $H64166 $82 941 1 $a8 996 $6245$aFrançois Perroux interroge Herbert Marcuse ... qui répond$9(OLS)http://pul/title/176043 996 $6260$aParis :$bAubier-Montaigne$9(OLS)http://pul/publisher/47976